Nghìn năm bia miệng : Sự tích và giai thoại dân gian Nam Bộ

Nội dung sách giới thiệu kho tàng các sự tích và giai thoại dân gian được sáng tác, lưu truyền trong suốt hành trình 300 năm khai phá, xây dựng và bảo vệ vùng đất phương Nam của cha ông ta.

محفوظ في:
التفاصيل البيبلوغرافية
التنسيق: كتاب
اللغة:Undetermined
منشور في: Thành phố Hồ Chí Minh Tổng hợp thành phố Hồ Chí Minh 2018
الموضوعات:
الوسوم: إضافة وسم
لا توجد وسوم, كن أول من يضع وسما على هذه التسجيلة!
Thư viện lưu trữ: Trung tâm Học liệu Trường Đại học Cần Thơ
LEADER 01019nam a2200205Ia 4500
001 CTU_231081
008 210402s9999 xx 000 0 und d
020 |c 119000 
082 |a 398.209597 
082 |b Ngh311/T.2 
245 0 |a Nghìn năm bia miệng : 
245 0 |b Sự tích và giai thoại dân gian Nam Bộ 
245 0 |c Huỳnh Ngọc Trảng, Trương Ngọc Tường (sưu tầm và biên soạn) 
260 |a Thành phố Hồ Chí Minh 
260 |b Tổng hợp thành phố Hồ Chí Minh 
260 |c 2018 
520 |a Nội dung sách giới thiệu kho tàng các sự tích và giai thoại dân gian được sáng tác, lưu truyền trong suốt hành trình 300 năm khai phá, xây dựng và bảo vệ vùng đất phương Nam của cha ông ta. 
650 |a Văn học dân gian, Việt Nam,Folk literature, Vietnamese 
910 |b dqhieu 
980 |a Trung tâm Học liệu Trường Đại học Cần Thơ